Dis-moi que tu m'aimes - Zaho de Sagazan - Statistiques

Statistiques générales
  • Ce quiz a été pris 88 fois
  • Le résultat moyen est 205 sur 233
Statistiques - réponses
Hint Réponse % Correct
dis
100%
Dis
100%
Moi
100%
moi
100%
tu
100%
Tu
100%
. Je
98%
je
98%
le
98%
m′aimes
98%
m'aimes
98%
que
98%
me
93%
pas
93%
en
91%
encore
91%
encore,
91%
fort
91%
Mais
91%
ne
91%
les
89%
même
89%
plus
89%
quand
89%
te
89%
t'en
89%
alors
87%
Alors
87%
ce
87%
et
87%
Et
87%
sur
87%
Au
85%
croire
85%
du
85%
peux
85%
tous
85%
ça
83%
fond
83%
83%
Pour
83%
prie
83%
veux
83%
ai
80%
j'ai
80%
Non
80%
non
80%
t'aime
80%
t′aime
80%
toits
80%
crois
78%
des
78%
Des
78%
l′entendre
78%
coeur
76%
crié
76%
être
76%
Peut
76%
qu′au
76%
toujours
76%
beau
74%
chanté
74%
faut
74%
sans
74%
amours
72%
autre
72%
Car
72%
j′en
72%
j'en
72%
l'avoir
72%
l′avoir
72%
rentre
72%
T′as
72%
tort
72%
aussi
70%
Ces
70%
façon
70%
miséreux
70%
surprendre
70%
D'une
67%
entre
67%
m′aimer
67%
mains
67%
malheureux
67%
paroles
67%
répéter
67%
soin
67%
vécu
67%
as
65%
mensongères
65%
prends
65%
Prends
65%
qu'on
65%
t′arrêter
65%
comme
63%
fait
63%
légendaires
63%
belles
61%
oui
61%
Oh
59%
qu'est
59%
Raconte
59%
Mmh
28%
Aucun quiz correspondant
Distribution des résultats
% des personnes avec chaque résultat
Percentile par nombre de réponses
Votre historique - résultats
Vous n’avez pas pris ce quiz